Statistics for 2022全球智能手机出货量前十品牌 Top ten brands in global smartphone shipments 2022

Click here to take the quiz!

General Stats

  • This quiz has been taken 134 times
  • The average score is 7 of 10

Answer Stats

出货量/百万台份额/%品牌% Correct
15213小米
99%
282华为
99%
23119苹果
98%
25921三星
96%
1079oppo
93%
988vivo
93%
595荣耀
55%
474摩托罗拉
35%
686传音
22%
534真我
16%

Score Distribution

Percentile by Number Answered

Percent of People with Each Score

Your Score History

You have not taken this quiz